000 01523nam0a2200361 4500
001 RU\NLR\bibl\417938
005 20260407085450.0
010 _a5-901712-31-5
_910000
021 _aRU
_b2003-21695
_91008
035 _a(NLR Aleph) 000411919
090 _a640552
_c640552
100 _a20030616d2003 |||y0rusy50 ca
101 0 _arus
102 _aRU
105 _aa |||||||||
200 1 _aПрименение препарата тержинан в гинекологической практике
_eПо материалам симпоз. в рамках VII Рос. нац. конгр. "Человек и лекарство"
210 _aМ.
_cМЕДпресс-информ
_d2003
215 _a47, [1] с.
_cил.
_d20
320 _aБиблиогр.: с. 47
606 0 _aГинекологические болезни
_jСъезды, совещания и т.п.
_xТерапия тержинаном
_92256759
_3RU\NLR\auth\661353370
610 0 _aЖенские болезни - Лечение лекарственное
675 _a618.1-085.356(082)
_v3
_zrus
686 _a76.29
_2rugasnti
686 _a57.15
_2rubbk
686 _aР715-52я431
711 1 2 _a"Человек и лекарство", российский национальный конгресс
_d7
_f2000
_eМосква
_3RU\NLR\AUTH\8810046736
_9593126
801 0 _aRU
_bRKP
_c20030616
_gPSBO
801 1 _aRU
_bRKP
_c20030616
801 2 _aRU
_bNLR
_c20030721
_grcr
942 _cBOOK
980 _aNB